| 000 | 00693nam a22002177a 4500 | ||
|---|---|---|---|
| 003 | 0 | ||
| 005 | 20251021150704.0 | ||
| 008 | 251021b xxu||||| |||| 00| 0 eng d | ||
| 020 | _a978-93-5751-544-3 | ||
| 050 |
_aHD 1382.5 _bA23 2025 |
||
| 100 |
_aAbbey, Melissa, _eauthor. |
||
| 245 |
_aReal estate investment and financial analysis / _cMelissa Abbey. |
||
| 250 | _aFirst edition. | ||
| 260 |
_aNew Delhi, India : _bRandom Publication ; _c2025. |
||
| 300 |
_aix, 292 pages : _billustrations ; _c24 cm. |
||
| 504 | _aIncludes bibliographical efferences. | ||
| 650 | _aReal estate investment. | ||
| 650 |
_aReal propert _xValuation. |
||
| 650 |
_aInvestments _xAnalysis. |
||
| 942 |
_2lcc _cBK |
||
| 999 |
_c368318 _d368318 |
||